书目信息 |
| 题名: |
人工智能理论与当代应用研究
|
|
| 作者: | 宋宇斐 , 刘智国 著 | |
| 分册: | ||
| 出版信息: | 北京 中国原子能出版社 2024.01 |
|
| 页数: | 215页 | |
| 开本: | 24cm | |
| 丛书名: | ||
| 单 册: | ||
| 中图分类: | TP18 | |
| 科图分类: | ||
| 主题词: | 人工智能--ren gong zhi neng--研究 | |
| 电子资源: | ||
| ISBN: | 978-7-5221-3158-0 | |
| 000 | 01338nam0 2200253 450 | |
| 001 | 92874 | |
| 005 | 20250818164608.87 | |
| 010 | @a978-7-5221-3158-0@dCNY72.00 | |
| 100 | @a20241115d2024 em y0chiy50 ea | |
| 101 | 0 | @achi |
| 102 | @aCN@b110000 | |
| 105 | @aa a 000yy | |
| 106 | @ar | |
| 200 | 1 | @a人工智能理论与当代应用研究@Aren gong zhi neng li lun yu dang dai ying yong yan jiu@f宋宇斐, 刘智国著 |
| 210 | @a北京@c中国原子能出版社@d2024.01 | |
| 215 | @a215页@c图@d24cm | |
| 320 | @a有书目 (第213-215页) | |
| 330 | @a本书分为五章。第一章是人工智能概述, 包括三部分: 人工智能的概念与起源发展、人工智能学派与研究范畴、人工智能基本原理 ; 第二章重点分析人工智能与大数据, 包括大数据基础及相关概念、人工智能与大数据的关系辨析、大数据的人工智能领域应用 ; 第三章主要阐述人工智能的安全与伦理问题, 包括人工智能与安全威胁、人工智能伦理问题、人工智能产品相关法律问题 ; 第四章主要分析人工智能的社会应用, 包括人工智能时代的社会关系、人工智能的社会生活应用、人工智能的经济建设应用 ; 第五章的论述对象是人工智能的艺术设计应用, 包括人工智能的艺术设计类别、人工智能时代的艺术设计评价与语义关系、人工智能与艺术设计的未来发展。 | |
| 606 | 0 | @a人工智能@Aren gong zhi neng@x研究 |
| 690 | @aTP18@v5 | |
| 701 | 0 | @a宋宇斐@Asong yu fei@4著 |
| 701 | 0 | @a刘智国@Aliu zhi guo@4著 |
| 801 | 0 | @aCN@c20250909 |
| 905 | @a河南城建学院图书馆@dTP18@eS785@f1 | |
| 人工智能理论与当代应用研究/宋宇斐, 刘智国著.-北京:中国原子能出版社,2024.01 |
| 215页:图;24cm |
| ISBN 978-7-5221-3158-0:CNY72.00 |
| 本书分为五章。第一章是人工智能概述, 包括三部分: 人工智能的概念与起源发展、人工智能学派与研究范畴、人工智能基本原理 ; 第二章重点分析人工智能与大数据, 包括大数据基础及相关概念、人工智能与大数据的关系辨析、大数据的人工智能领域应用 ; 第三章主要阐述人工智能的安全与伦理问题, 包括人工智能与安全威胁、人工智能伦理问题、人工智能产品相关法律问题 ; 第四章主要分析人工智能的社会应用, 包括人工智能时代的社会关系、人工智能的社会生活应用、人工智能的经济建设应用 ; 第五章的论述对象是人工智能的艺术设计应用, 包括人工智能的艺术设计类别、人工智能时代的艺术设计评价与语义关系、人工智能与艺术设计的未来发展。 |
| ● |
| 相关链接 |
|
|
|
正题名:人工智能理论与当代应用研究
索取号:TP18/S785
 
预约/预借
| 序号 | 登录号 | 条形码 | 馆藏地/架位号 | 状态 | 备注 |
| 1 | 1626832 | 216268321 | 自科库301/301自科库 102排3列5层/ [索取号:TP18/S785] | 在馆 |